|
|
|
|
| LEADER |
05009nam a2200469 i 4500 |
| 001 |
44938 |
| 003 |
BD-DhAAL |
| 005 |
20251015104101.0 |
| 008 |
251015t2024 nyua b 001 0 eng d |
| 010 |
|
|
|a 2023005637
|
| 020 |
|
|
|a 9780826149329
|q (paperback)
|
| 020 |
|
|
|z 9780826149336
|q (eBook)
|
| 035 |
|
|
|a 22961459
|
| 040 |
|
|
|a DNLM/DLC
|b eng
|e rda
|c DLC
|d DLC
|d BD-DhAAL
|
| 042 |
|
|
|a pcc
|
| 050 |
0 |
0 |
|a RC271.C5
|b C3224 2024
|
| 060 |
0 |
0 |
|a QV 269
|
| 082 |
0 |
0 |
|a 616.994061
|2 23
|
| 245 |
0 |
0 |
|a Cancer pharmacology :
|b an illustrated manual of anticancer drugs /
|c edited by Ashkan Emadi, Judith E. Karp.
|
| 246 |
1 |
8 |
|a Cancer pharmacology
|
| 250 |
|
|
|a Second edition.
|
| 260 |
|
|
|a New York, NY :
|b Springer Publishing Company,
|c c2024.
|
| 300 |
|
|
|a xvi, 454 pages :
|b color illustrations ;
|c 26 cm
|
| 504 |
|
|
|a Includes bibliographical references and index.
|
| 505 |
0 |
|
|a Drug Development in Oncology / Edward A. Sausville and Ashkan Emadi -- Pharmacogenomics / Milly Graveno -- Critical Components of Clinical Trials Development : From Bench to Bedside and Back / S. Percy Ivy, Richard F. Little, and Joshua F. Zeidner -- Drug Development and Regulatory Considerations / Vicky Hsu, Matthew D. Thompson, Donna Przepiorka, and Olanrewaju O. Okusanya -- Alkylating Agents / Ashkan Emadi and Edward A. Sausville -- Pyrimidine- and Purine-based Antimetabolites, Hydroxyurea, Asparaginases / Ashkan Emadi and Judith E. Karp -- Antimetabolites : Antifolates / Justin Lawson -- Antimitotics / Edward A. Sausville and Ashkan Emadi -- DNA Repair, Apoptotic Pathways, and CDK Inhibitors / Mira A. Kohorst and Scott H. Kaufmann -- Epigenetic Modulators / Sergiu Pasca and Lukasz P. Gondek -- Differentiating Agents and Microenvironment / Yuya Nagai and Gabriel Ghiaur -- Targeted Therapeutics (Small Molecules) / Yuchen (Jake) Liu and Ashkan Emadi -- Hormonal Therapies Alone and in Combinations for Treatment of Breast Cancer / Amy M. Fulton and Katherine H. R. Tkaczu -- Androgen Receptor Axis Targeting in the Treatment of Prostate Cancer / Vincent C. O. Njar and Arif Hussain -- Multiple Myeloma as a Paradigm for MultiTargeted Intervention / Kathryn Maples and Sagar Lonial -- Transplant-Related Agents : Focus on Graft vs. Host Disease Prevention and Treatment / Vedran Radojcic -- Monoclonal Antibodies Including Immunoconjugates, Antibody-Drug Conjugates, and Cytokine-Directed Agents / Alison Duffy and Ciera Bernhardi -- Immunotherapeutics : Immune Checkpoint Inhibitors, Vaccines, Bispecifics, and Engineered T Cells / Mark Yarchoan and Elizabeth Jaffee.
|
| 520 |
|
|
|a "We are living in an exciting time for cancer pharmacology. The fusion of multiple disciplines of basic and clinical science is creating effective, life-prolonging therapies for a growing number of malignancies. The progress is electrifying and the promise for patients is exhilarating!"--
|
| 526 |
|
|
|a PHR
|x Namara Mariam Chowdhury
Senior Lecturer
School of Pharmacy
BRAC University
Course Name : Pharmacology-III (PHR 411)
|
| 541 |
|
|
|a Trim Education
|e 44938, 44939, 44940, 44941
|
| 650 |
1 |
2 |
|a Antineoplastic Agents
|x pharmacology.
|9 59602
|
| 650 |
2 |
2 |
|a Neoplasms
|x drug therapy.
|9 38333
|
| 650 |
2 |
2 |
|a Molecular Targeted Therapy.
|9 38334
|
| 650 |
2 |
2 |
|a Pharmacy.
|
| 700 |
1 |
|
|a Emadi, Ashkan,
|e editor.
|9 59603
|
| 700 |
1 |
|
|a Karp, Judith E.,
|e editor.
|9 59604
|
| 776 |
0 |
8 |
|i Online version:
|t Cancer pharmacology
|b Second edition.
|d New York, NY : Springer Publishing Company, [2024]
|z 9780826149336
|w (DLC) 2023005638
|
| 852 |
|
|
|a Ayesha Abed Library
|c General Stacks
|
| 942 |
|
|
|2 ddc
|c BK
|
| 999 |
|
|
|c 47559
|d 47559
|
| 952 |
|
|
|0 0
|1 0
|2 ddc
|4 0
|6 616_994061000000000_CAN
|7 0
|9 78353
|a BRACUL
|b BRACUL
|c GEN
|d 2025-10-13
|e Trim Education
|g 11500.00
|l 0
|o 616.994061 CAN
|p 3010044941
|r 2025-10-13
|t 4
|v 23000.00
|w 2025-10-13
|y BK
|x Requisitioned by Namara Mariam Chowdhury (Senior Lecturer, School of Pharmacy, BRAC University) for the course named- 'Pharmacology-III (PHR 411)'.
|
| 952 |
|
|
|0 0
|1 0
|2 ddc
|4 0
|6 616_994061000000000_CAN
|7 0
|9 78354
|a BRACUL
|b BRACUL
|c GEN
|d 2025-10-13
|e Trim Education
|g 11500.00
|l 0
|o 616.994061 CAN
|p 3010044940
|r 2025-10-13
|t 3
|v 23000.00
|w 2025-10-13
|y BK
|x Requisitioned by Namara Mariam Chowdhury (Senior Lecturer, School of Pharmacy, BRAC University) for the course named- 'Pharmacology-III (PHR 411)'.
|
| 952 |
|
|
|0 0
|1 0
|2 ddc
|4 0
|6 616_994061000000000_CAN
|7 0
|9 78355
|a BRACUL
|b BRACUL
|c GEN
|d 2025-10-13
|e Trim Education
|g 11500.00
|l 1
|m 3
|o 616.994061 CAN
|p 3010044939
|q 2026-05-21
|r 2026-04-15
|s 2026-04-15
|t 2
|v 23000.00
|w 2025-10-13
|y BK
|x Requisitioned by Namara Mariam Chowdhury (Senior Lecturer, School of Pharmacy, BRAC University) for the course named- 'Pharmacology-III (PHR 411)'.
|
| 952 |
|
|
|0 0
|1 0
|2 ddc
|4 0
|6 616_994061000000000_CAN
|7 0
|9 78356
|a BRACUL
|b BRACUL
|c NEW
|d 2025-10-13
|e Trim Education
|g 11500.00
|l 2
|m 1
|o 616.994061 CAN
|p 3010044938
|q 2026-07-02
|r 2026-03-04
|s 2026-03-04
|t 1
|v 23000.00
|w 2025-10-13
|y BK
|x Requisitioned by Namara Mariam Chowdhury (Senior Lecturer, School of Pharmacy, BRAC University) for the course named- 'Pharmacology-III (PHR 411)'.
|